[Event "Gibraltar Chess Festival 2017 - Masters"]
[Site "Gibraltar ENG"]
[Date "2017.01.29"]
[Round "6.18"]
[White "Batsiashvili, Nino"]
[Black "Iturrizaga Bonelli, Eduardo"]
[Result "0-1"]
[WhiteElo "2492"]
[BlackElo "2652"]
[PlyCount "118"]
[EventDate "2017.01.24"]
[EventType "swiss"]
[EventRounds "10"]
[EventCountry "ENG"]
[SourceTitle "Ajedrez en Madrid"]
[Source "lmi"]
[SourceDate "2017.01.24"]

1. d4 Nf6 2. c4 e6 3. Nc3 Bb4 4. Qc2 c5 5. dxc5 O-O 6. Nf3 Na6 7. g3 Nxc5 8.
Bg2 b6 9. O-O Bb7 10. Bf4 Nce4 11. Ng5 Nxg5 12. Bxg5 Bxg2 13. Kxg2 Rc8 14. Qa4
Rxc4 15. a3 Qa8+ 16. Kg1 Bxc3 17. Qxc4 Bxb2 18. Ra2 Be5 19. Bxf6 Bxf6 20. Rc2
Be7 21. Qc7 Bxa3 22. Ra2 Bc5 23. Rxa7 Qe4 24. e3 d6 25. Qb7 Qxb7 26. Rxb7 Ra8
27. Rb1 g6 28. Rb2 Kg7 29. h4 h5 30. Kg2 Kf6 31. Kf3 e5 32. Rb1 Ra2 33. Rb3 Ke6
34. Kg2 d5 35. Kf1 f6 36. Rg7 Kf5 37. Kg2 e4 38. Rd7 Rd2 39. Rd8 Kg4 40. Re8
Kf5 41. Rd8 Kg4 42. Re8 g5 43. hxg5 fxg5 44. Re6 Kf5 45. Re8 d4 46. exd4 Bxd4
47. Rf8+ Kg6 48. Kf1 Bc5 49. Ke1 Ra2 50. Re8 Kf5 51. f3 exf3 52. Rxf3+ Kg4 53.
Rb3 Bf2+ 54. Kf1 Bxg3 55. Rxb6 Ra1+ 56. Kg2 h4 57. Rb4+ Bf4 58. Rh8 h3+ 59. Kf2
h2 0-1

[Event "Gibraltar Chess Festival 2017 - Masters"]
[Site "Gibraltar ENG"]
[Date "2017.01.29"]
[Round "6.19"]
[White "Hou, Yifan"]
[Black "Cramling, Pia"]
[Result "1/2-1/2"]
[WhiteElo "2651"]
[BlackElo "2454"]
[PlyCount "101"]
[EventDate "2017.01.24"]
[EventType "swiss"]
[EventRounds "10"]
[EventCountry "ENG"]
[SourceTitle "Ajedrez en Madrid"]
[Source "lmi"]
[SourceDate "2017.01.24"]

1. e4 c5 2. Nf3 d6 3. d4 cxd4 4. Qxd4 Nf6 5. Nc3 Nc6 6. Bb5 Nd7 7. Bxc6 bxc6 8.
e5 dxe5 9. Nxe5 Qb6 10. Qf4 Nxe5 11. Qxe5 Ba6 12. Bd2 Rb8 13. b3 f6 14. Qe3 e5
15. Na4 Qd4 16. c3 Qg4 17. c4 Qxg2 18. O-O-O Ba3+ 19. Nb2 c5 20. Rhg1 Qb7 21.
f4 e4 22. Bc3 O-O 23. Qh3 Rf7 24. Qe6 Kf8 25. Rd6 Re8 26. Qh3 e3 27. Qxh7 e2
28. Re1 Qf3 29. Bd2 Bc8 30. Rd3 Qe4 31. Qxe4 Rxe4 32. Rd8+ Re8 33. Rxe8+ Kxe8
34. Rxe2+ Re7 35. Rxe7+ Kxe7 36. Bc3 g5 37. Kd2 Bxb2 38. Bxb2 g4 39. Kc3 Kd6
40. Bc1 Kc6 41. Be3 Bf5 42. a3 a6 43. Bf2 Be4 44. f5 Bxf5 45. Bh4 Be4 46. Bxf6
Bg6 47. a4 Be4 48. Be7 Bf3 49. a5 Be4 50. Kd2 Bf5 51. Kc3 1/2-1/2

[Event "Gibraltar Chess Festival 2017 - Masters"]
[Site "Gibraltar ENG"]
[Date "2017.01.29"]
[Round "6.20"]
[White "Vocaturo, Daniele"]
[Black "Womacka, Mathias"]
[Result "1-0"]
[WhiteElo "2606"]
[BlackElo "2435"]
[PlyCount "107"]
[EventDate "2017.01.24"]
[EventType "swiss"]
[EventRounds "10"]
[EventCountry "ENG"]
[SourceTitle "Ajedrez en Madrid"]
[Source "lmi"]
[SourceDate "2017.01.24"]

1. c4 c5 2. Nf3 Nf6 3. Nc3 e6 4. g3 b6 5. Bg2 Bb7 6. O-O Be7 7. d4 cxd4 8. Qxd4
d6 9. Bg5 a6 10. Rfd1 Nbd7 11. Qd2 O-O 12. Bf4 Ne8 13. Rac1 Qc7 14. Qe3 Ndf6
15. Na4 Rb8 16. c5 bxc5 17. Nxc5 Ng4 18. Qc3 e5 19. Nxb7 Qxc3 20. Rxc3 exf4 21.
Nd4 fxg3 22. hxg3 Bf6 23. b3 g6 24. Rc4 Ne5 25. Ra4 Nc7 26. Nxd6 Rb6 27. Ne4
Bg7 28. e3 Rd8 29. Rc1 Nb5 30. Nc5 Nxd4 31. exd4 Nc6 32. d5 Nb4 33. a3 Nxd5 34.
Rd1 Bf8 35. Bxd5 Bxc5 36. Bxf7+ Kxf7 37. Rxd8 Rxb3 38. Kg2 Rxa3 39. Rd7+ Ke6
40. Rxa3 Bxa3 41. Ra7 Bb2 42. Rxa6+ Kf5 43. Ra5+ Kf6 44. g4 Be5 45. Kf3 Bd4 46.
Rd5 Bb2 47. Ke4 Bc1 48. Rb5 Bd2 49. f4 Bc1 50. Rb6+ Kg7 51. Rb7+ Kg8 52. Ke5
Bd2 53. Rd7 Bc3+ 54. Ke6 1-0

[Event "Gibraltar Chess Festival 2017 - Masters"]
[Site "Gibraltar ENG"]
[Date "2017.01.29"]
[Round "6.21"]
[White "Fridman, Daniel"]
[Black "Godart, Francois"]
[Result "1-0"]
[WhiteElo "2594"]
[BlackElo "2381"]
[PlyCount "55"]
[EventDate "2017.01.24"]
[EventType "swiss"]
[EventRounds "10"]
[EventCountry "ENG"]
[SourceTitle "Ajedrez en Madrid"]
[Source "lmi"]
[SourceDate "2017.01.24"]

1. c4 e6 2. Nc3 d5 3. d4 c6 4. e4 dxe4 5. Nxe4 Bb4+ 6. Nc3 c5 7. a3 Ba5 8. Be3
Nf6 9. Nge2 cxd4 10. Qxd4 Qxd4 11. Bxd4 Nc6 12. b4 Nxd4 13. Nxd4 Bc7 14. Be2 a5
15. O-O-O axb4 16. axb4 Ke7 17. Kc2 Rd8 18. Ndb5 Rxd1 19. Rxd1 Be5 20. Bf3 Bd7
21. Bxb7 Rb8 22. Bf3 Bxc3 23. Kxc3 Bxb5 24. cxb5 Ne8 25. Bc6 Nd6 26. Kb3 Nxb5
27. Rd7+ Kf6 28. Kc4 1-0

[Event "Gibraltar Chess Festival 2017 - Masters"]
[Site "Gibraltar ENG"]
[Date "2017.01.29"]
[Round "6.22"]
[White "Krysa, Leandro"]
[Black "Lalith, Babu M R"]
[Result "0-1"]
[WhiteElo "2491"]
[BlackElo "2587"]
[PlyCount "48"]
[EventDate "2017.01.24"]
[EventType "swiss"]
[EventRounds "10"]
[EventCountry "ENG"]
[SourceTitle "Ajedrez en Madrid"]
[Source "lmi"]
[SourceDate "2017.01.24"]

1. d4 Nf6 2. c4 e6 3. Nc3 Bb4 4. Qc2 c5 5. dxc5 O-O 6. a3 Bxc5 7. Nf3 Qc7 8.
Bg5 Be7 9. e3 a6 10. Bd3 h6 11. h4 Nc6 12. O-O-O Qa5 13. Bxf6 Bxf6 14. Ne4 Be7
15. g4 b5 16. Neg5 b4 17. Bh7+ Kh8 18. a4 b3 19. Qe4 Qxa4 20. Qf4 f5 21. gxf5
Bb4 22. f6 Rxf6 23. Qg4 g6 24. Nf7+ Kxh7 0-1

[Event "Gibraltar Chess Festival 2017 - Masters"]
[Site "Gibraltar ENG"]
[Date "2017.01.29"]
[Round "6.23"]
[White "Debashis, Das"]
[Black "Blomqvist, Erik"]
[Result "1-0"]
[WhiteElo "2472"]
[BlackElo "2574"]
[PlyCount "77"]
[EventDate "2017.01.24"]
[EventType "swiss"]
[EventRounds "10"]
[EventCountry "ENG"]
[SourceTitle "Ajedrez en Madrid"]
[Source "lmi"]
[SourceDate "2017.01.24"]

1. d4 d5 2. c4 c6 3. cxd5 cxd5 4. Bf4 Nc6 5. e3 Nf6 6. Nc3 a6 7. Be2 e6 8. Rc1
Be7 9. h3 O-O 10. Nf3 Bd7 11. O-O Qa5 12. Nd2 b5 13. Nb3 Qb6 14. Nc5 Rfc8 15.
Bg5 Be8 16. Bd3 h6 17. Bh4 Nb4 18. Bb1 a5 19. Qe2 Bxc5 20. dxc5 Rxc5 21. Bxf6
gxf6 22. Qg4+ Kf8 23. Qh4 Ke7 24. Qxh6 Rac8 25. Rcd1 Nc6 26. Ne2 Ne5 27. Ng3
Bc6 28. b3 b4 29. Rfe1 Rg8 30. Bh7 Rh8 31. Nh5 Nd7 32. Qg7 Qb8 33. Nf4 Ne5 34.
Nh5 Qf8 35. Qxf6+ Kd6 36. Qf4 f5 37. Ng3 Bd7 38. e4 Rxh7 39. exf5 1-0

[Event "Gibraltar Chess Festival 2017 - Masters"]
[Site "Gibraltar ENG"]
[Date "2017.01.29"]
[Round "6.24"]
[White "Carlstedt, Jonathan"]
[Black "Grigoriants, Sergey"]
[Result "1/2-1/2"]
[WhiteElo "2413"]
[BlackElo "2564"]
[PlyCount "27"]
[EventDate "2017.01.24"]
[EventType "swiss"]
[EventRounds "10"]
[EventCountry "ENG"]
[SourceTitle "Ajedrez en Madrid"]
[Source "lmi"]
[SourceDate "2017.01.24"]

1. d4 Nf6 2. c4 g6 3. g3 Bg7 4. Bg2 c5 5. d5 O-O 6. Nc3 e6 7. Nf3 exd5 8. cxd5
d6 9. O-O Re8 10. Bf4 Bf5 11. Nh4 Bc8 12. Nf3 Bf5 13. Nh4 Bc8 14. Nf3 1/2-1/2

[Event "Gibraltar Chess Festival 2017 - Masters"]
[Site "Gibraltar ENG"]
[Date "2017.01.29"]
[Round "6.25"]
[White "Donchenko, Alexander"]
[Black "Arakhamia-Grant, Ketevan"]
[Result "1/2-1/2"]
[WhiteElo "2559"]
[BlackElo "2370"]
[PlyCount "77"]
[EventDate "2017.01.24"]
[EventType "swiss"]
[EventRounds "10"]
[EventCountry "ENG"]
[SourceTitle "Ajedrez en Madrid"]
[Source "lmi"]
[SourceDate "2017.01.24"]

1. d4 Nf6 2. Nf3 g6 3. g3 Bg7 4. Bg2 O-O 5. O-O d6 6. b3 Nc6 7. Bb2 e5 8. dxe5
Ng4 9. Qc1 Ncxe5 10. Nxe5 Bxe5 11. h3 Bxb2 12. Qxb2 Nf6 13. c4 Qe7 14. Nc3 c6
15. Rad1 Be6 16. e4 Ne8 17. f4 f6 18. Kh2 a6 19. Qd2 Qc7 20. Ne2 Bf7 21. Qc3 a5
22. a3 Qb6 23. Nc1 a4 24. b4 Qa6 25. c5 dxc5 26. Qxc5 Nc7 27. f5 Rae8 28. Rd7
Re5 29. Qe3 Nd5 30. Qd4 Nb6 31. Rd6 Nc4 32. Rxf6 c5 33. Qxe5 Nxe5 34. Rxa6 bxa6
35. bxc5 Rc8 36. Rd1 Bc4 37. Rd2 Rxc5 38. Rc2 Rb5 39. g4 1/2-1/2

[Event "Gibraltar Chess Festival 2017 - Masters"]
[Site "Gibraltar ENG"]
[Date "2017.01.29"]
[Round "6.26"]
[White "Batchimeg, Tuvshintugs"]
[Black "Muzychuk, Anna"]
[Result "0-1"]
[WhiteElo "2390"]
[BlackElo "2558"]
[PlyCount "114"]
[EventDate "2017.01.24"]
[EventType "swiss"]
[EventRounds "10"]
[EventCountry "ENG"]
[SourceTitle "Ajedrez en Madrid"]
[Source "lmi"]
[SourceDate "2017.01.24"]

1. d4 Nf6 2. Nf3 g6 3. c4 Bg7 4. Nc3 d5 5. Bg5 Ne4 6. Bh4 Nxc3 7. bxc3 dxc4 8.
e3 Be6 9. Qb1 b6 10. Nd2 c5 11. Bxc4 Bxc4 12. Nxc4 Qd5 13. Qb5+ Nc6 14. O-O O-O
15. Nd2 Rac8 16. Nb3 Qe4 17. Bg3 cxd4 18. cxd4 e5 19. d5 Ne7 20. d6 Qc6 21.
Qxc6 Nxc6 22. Rac1 Rfd8 23. Rfd1 Nb4 24. Rxc8 Rxc8 25. a3 Na6 26. f4 Nb8 27.
fxe5 Nd7 28. Nd4 Bxe5 29. Bxe5 Nxe5 30. Nb5 a5 31. Nc7 Rd8 32. Nd5 Nc4 33. d7
Kg7 34. Ne7 Ne5 35. Rd5 f6 36. Nc8 Rxd7 37. Nxb6 Rxd5 38. Nxd5 Kf7 39. Kf2 Ke6
40. e4 Nc4 41. a4 Ke5 42. Nc3 Kd4 43. Nd5 Nd2 44. Ne7 Nxe4+ 45. Kf3 Ng5+ 46.
Kg4 Kc5 47. h4 Nf7 48. h5 Ne5+ 49. Kf4 gxh5 50. Kf5 Ng4 51. Nc8 Ne3+ 52. Kxf6
Nxg2 53. Kg5 h4 54. Kg4 Ne3+ 55. Kxh4 Nd5 56. Kg5 Nb6 57. Ne7 Nxa4 0-1

[Event "Gibraltar Chess Festival 2017 - Masters"]
[Site "Gibraltar ENG"]
[Date "2017.01.29"]
[Round "6.27"]
[White "Huzman, Alexander"]
[Black "Papp, Petra"]
[Result "1/2-1/2"]
[WhiteElo "2557"]
[BlackElo "2352"]
[PlyCount "166"]
[EventDate "2017.01.24"]
[EventType "swiss"]
[EventRounds "10"]
[EventCountry "ENG"]
[SourceTitle "Ajedrez en Madrid"]
[Source "lmi"]
[SourceDate "2017.01.24"]

1. Nf3 Nf6 2. c4 g6 3. g3 c6 4. Bg2 Bg7 5. O-O O-O 6. b3 Ne4 7. d4 d5 8. e3 Bf5
9. Bb2 Qa5 10. Qe2 Nd7 11. Rc1 Ndf6 12. Ne5 Nd7 13. Nd3 Nd6 14. Bc3 Bxd3 15.
Qxd3 Qa6 16. Nd2 Rfd8 17. Qb1 dxc4 18. bxc4 e5 19. Qb2 exd4 20. Bxd4 Bxd4 21.
exd4 c5 22. Rab1 Qb6 23. Qa3 Qc7 24. Nb3 cxd4 25. Nxd4 Qc5 26. Qc3 Nb6 27. Nb3
Qxc4 28. Qxc4 Nbxc4 29. Bxb7 Nxb7 30. Rxc4 Rdc8 31. Rbc1 Rxc4 32. Rxc4 Kg7 33.
Nd4 Nd8 34. Rc7 Kf6 35. a4 Ne6 36. Nxe6 Kxe6 37. a5 a6 38. Rc6+ Kd5 39. Rb6 h5
40. Kg2 Ke5 41. h3 Kf5 42. Kf3 f6 43. Rc6 g5 44. Rc5+ Kg6 45. Rc6 Kf5 46. Rb6
Ra7 47. Rd6 Ke5 48. Rc6 Kf5 49. Rc5+ Kg6 50. Rc8 Kf5 51. g4+ hxg4+ 52. hxg4+
Kg6 53. Rc6 Re7 54. Rxa6 Re5 55. Ra7 Kh6 56. Kg2 Kg6 57. a6 Re6 58. f3 Kh6 59.
Ra8 Kg7 60. Kf2 Kh7 61. f4 Re4 62. f5 Rxg4 63. Rf8 Ra4 64. Rxf6 Kg7 65. Rg6+
Kf7 66. Kg3 Kf8 67. Rf6+ Kg7 68. Rb6 Kf7 69. Rc6 Kg7 70. Kf3 Kf7 71. Rh6 Kg7
72. Rg6+ Kf7 73. Ke3 g4 74. Rb6 Kg7 75. Kf2 Ra3 76. Rg6+ Kf7 77. Kg2 g3 78. Rb6
Kg7 79. Kh3 Kf7 80. Rc6 Kg7 81. Rc7+ Kf6 82. Ra7 Kxf5 83. Ra8 Kg6 1/2-1/2

[Event "Gibraltar Chess Festival 2017 - Masters"]
[Site "Gibraltar ENG"]
[Date "2017.01.29"]
[Round "6.28"]
[White "Shachar, Ehud"]
[Black "Schroeder, Jan-Christian"]
[Result "1-0"]
[WhiteElo "2374"]
[BlackElo "2550"]
[PlyCount "147"]
[EventDate "2017.01.24"]
[EventType "swiss"]
[EventRounds "10"]
[EventCountry "ENG"]
[SourceTitle "Ajedrez en Madrid"]
[Source "lmi"]
[SourceDate "2017.01.24"]

1. e4 e5 2. Nf3 Nc6 3. Bb5 a6 4. Ba4 Nf6 5. O-O Be7 6. Re1 b5 7. Bb3 d6 8. c3
O-O 9. d4 Bg4 10. d5 Na5 11. Bc2 Qc8 12. h3 Bd7 13. Nbd2 c6 14. dxc6 Qxc6 15.
Nf1 Rfc8 16. Bd3 Nb7 17. Ng3 Nc5 18. Bc2 a5 19. Bd2 Bd8 20. Rc1 Be6 21. Bb1
Nfd7 22. Nd4 exd4 23. cxd4 Bh4 24. Bf4 Qb6 25. dxc5 dxc5 26. e5 Nf8 27. Nf5
Bxf5 28. Bxf5 Rd8 29. Qg4 Be7 30. e6 fxe6 31. Bxe6+ Nxe6 32. Rxe6 Qb7 33. Bg5
Bxg5 34. Qxg5 Rd5 35. Re7 Rxg5 36. Rxb7 b4 37. Rb5 Rd8 38. Rxa5 Rd2 39. b3 Rf5
40. Rcxc5 Rfxf2 41. Rg5 Rxa2 42. Rxa2 Rxa2 43. Rb5 Rb2 44. Rxb4 h5 45. h4 Kf7
46. Kh2 Kf6 47. Kg3 Rb1 48. Kf3 Rf1+ 49. Ke2 Rg1 50. Kf2 Rb1 51. g3 Kf5 52. Ke3
Kf6 53. Rb5 g6 54. Kd4 Ke7 55. Kc4 Rc1+ 56. Kb4 Rc6 57. Rc5 Re6 58. Ka4 Kd6 59.
b4 Rf6 60. Ka5 Kd7 61. b5 Rf3 62. Rg5 Rf6 63. b6 Kc8 64. Ka6 Kb8 65. Re5 Rf8
66. Re7 Rg8 67. Rb7+ Ka8 68. Ra7+ Kb8 69. b7 Kc7 70. Ra8 Rb8 71. Rxb8 Kxb8 72.
Kb6 g5 73. hxg5 h4 74. g6 1-0

[Event "Gibraltar Chess Festival 2017 - Masters"]
[Site "Gibraltar ENG"]
[Date "2017.01.29"]
[Round "6.29"]
[White "Kovalenko, Igor"]
[Black "Zhukova, Natalia"]
[Result "1-0"]
[WhiteElo "2684"]
[BlackElo "2447"]
[PlyCount "123"]
[EventDate "2017.01.24"]
[EventType "swiss"]
[EventRounds "10"]
[EventCountry "ENG"]
[SourceTitle "Ajedrez en Madrid"]
[Source "lmi"]
[SourceDate "2017.01.24"]

1. c4 c5 2. g3 Nf6 3. Bg2 Nc6 4. Nc3 e6 5. Nf3 d5 6. cxd5 Nxd5 7. O-O Be7 8. d4
O-O 9. e4 Ndb4 10. dxc5 Bxc5 11. a3 Nd3 12. b4 Bb6 13. Na4 Nxc1 14. Rxc1 e5 15.
b5 Nd4 16. Nxe5 Nxb5 17. Qb3 Nd4 18. Qb2 Qf6 19. Nxb6 Qxb6 20. Rb1 Qxb2 21.
Rxb2 b6 22. Rd1 Ne6 23. Nc4 Bb7 24. Nd6 Rfd8 25. Rdd2 Bc6 26. f3 Kf8 27. Bf1 g6
28. Rbc2 Ba4 29. Rc3 f6 30. f4 Ke7 31. e5 fxe5 32. fxe5 Nc5 33. Bg2 Rab8 34.
Rd4 Bd7 35. Kf2 Be6 36. Ke3 h5 37. h4 Bg4 38. Rf4 Rf8 39. Be4 Rxf4 40. gxf4 Rg8
41. Nb5 Bf5 42. Bf3 a6 43. Nd6 Rh8 44. Rc1 Be6 45. Rg1 Rg8 46. Be2 Nd7 47. Rc1
Nc5 48. Bf3 Rf8 49. Rg1 Rg8 50. Rg5 Nd7 51. Be4 Nf8 52. Bd3 b5 53. Be4 Bb3 54.
Rg1 Ba2 55. Ra1 Bb3 56. Rb1 Ba2 57. Rb2 Be6 58. Rc2 Nd7 59. Rc7 Rb8 60. Bxg6 b4
61. axb4 Rxb4 62. f5 1-0

[Event "Gibraltar Chess Festival 2017 - Masters"]
[Site "Gibraltar ENG"]
[Date "2017.01.29"]
[Round "6.30"]
[White "Cheng, Bobby"]
[Black "Ganguly, Surya Shekhar"]
[Result "1-0"]
[WhiteElo "2452"]
[BlackElo "2657"]
[PlyCount "109"]
[EventDate "2017.01.24"]
[EventType "swiss"]
[EventRounds "10"]
[EventCountry "ENG"]
[SourceTitle "Ajedrez en Madrid"]
[Source "lmi"]
[SourceDate "2017.01.24"]

1. Nf3 c5 2. c4 Nc6 3. Nc3 e5 4. g3 g6 5. Bg2 Bg7 6. d3 Nge7 7. O-O O-O 8. a3
d6 9. Rb1 a5 10. Bd2 h6 11. Ne1 Be6 12. Nc2 d5 13. cxd5 Nxd5 14. Ne3 Nde7 15.
Na4 b6 16. b4 cxb4 17. axb4 b5 18. Nc5 Ba2 19. Rc1 axb4 20. Qe1 b3 21. Bc3 Rc8
22. Bh3 Rc7 23. Qd2 Kh7 24. Bg2 Qc8 25. Bb2 Rd8 26. h4 Nd4 27. Ba3 Nef5 28. Nb7
Rdd7 29. Nc5 Rd8 30. Nb7 Rdd7 31. Nc5 Bf8 32. Nxd7 Bxa3 33. Nf6+ Kh8 34. Rxc7
Qxc7 35. Nxf5 Nxf5 36. g4 Qd8 37. gxf5 Qxf6 38. Qxh6+ Kg8 39. Bd5 Qxf5 40. Qg5
Qxg5+ 41. hxg5 Be7 42. f4 exf4 43. Rxf4 Bxg5 44. Rf1 Be3+ 45. Kg2 g5 46. Bxf7+
Kg7 47. Bd5 b4 48. Kf3 Bd2 49. Kg4 Bf4 50. Bc4 Kg6 51. Rf3 Bd2 52. Rf5 Be3 53.
Rb5 Bd2 54. Rb6+ Kg7 55. Kf5 1-0

[Event "Gibraltar Chess Festival 2017 - Masters"]
[Site "Gibraltar ENG"]
[Date "2017.01.29"]
[Round "6.31"]
[White "Kantor, Gergely"]
[Black "Oparin, Grigoriy"]
[Result "1/2-1/2"]
[WhiteElo "2448"]
[BlackElo "2625"]
[PlyCount "84"]
[EventDate "2017.01.24"]
[EventType "swiss"]
[EventRounds "10"]
[EventCountry "ENG"]
[SourceTitle "Ajedrez en Madrid"]
[Source "lmi"]
[SourceDate "2017.01.24"]

1. d4 Nf6 2. c4 e6 3. Nf3 b6 4. g3 Ba6 5. b3 Bb4+ 6. Bd2 Be7 7. Bg2 d5 8. Ne5
O-O 9. O-O c6 10. Bc3 Nfd7 11. Nxd7 Nxd7 12. Nd2 Rc8 13. e4 b5 14. Re1 bxc4 15.
bxc4 dxc4 16. Qa4 Bb5 17. Qc2 Ba3 18. Nb1 Bd6 19. a4 Ba6 20. Nd2 c5 21. d5 Ne5
22. Bh3 Qe7 23. Rad1 Rce8 24. Bxe5 Bxe5 25. Nxc4 Bxc4 26. Qxc4 Bd4 27. e5 exd5
28. Qxd5 Qg5 29. Bd7 Rxe5 30. Rxe5 Qxe5 31. Qxe5 Bxe5 32. Rd5 Bd4 33. Bb5 a5
34. Rd7 f5 35. Ra7 f4 36. Bc4+ Kh8 37. gxf4 g6 38. Rxa5 Rxf4 39. Ra8+ Kg7 40.
Ra7+ Kh6 41. Kg2 Rxf2+ 42. Kg3 Rc2 1/2-1/2

[Event "Gibraltar Chess Festival 2017 - Masters"]
[Site "Gibraltar ENG"]
[Date "2017.01.29"]
[Round "6.32"]
[White "Khotenashvili, Bela"]
[Black "Istratescu, Andrei"]
[Result "1/2-1/2"]
[WhiteElo "2430"]
[BlackElo "2593"]
[PlyCount "61"]
[EventDate "2017.01.24"]
[EventType "swiss"]
[EventRounds "10"]
[EventCountry "ENG"]
[SourceTitle "Ajedrez en Madrid"]
[Source "lmi"]
[SourceDate "2017.01.24"]

1. d4 Nf6 2. Nf3 e6 3. c4 Bb4+ 4. Bd2 Qe7 5. g3 Nc6 6. Nc3 Bxc3 7. Bxc3 Ne4 8.
Rc1 d6 9. Bg2 O-O 10. d5 Nxc3 11. Rxc3 Nb8 12. dxe6 fxe6 13. c5 d5 14. O-O Rd8
15. Ne5 Nc6 16. f4 Nxe5 17. fxe5 Bd7 18. Qd4 Bb5 19. Bf3 Rf8 20. Bg4 Rxf1+ 21.
Kxf1 Rf8+ 22. Kg2 Qe8 23. Rf3 Qg6 24. Rxf8+ Kxf8 25. Bf3 Ke8 26. Qf4 Qc2 27.
Qg4 Kf7 28. Qf4+ Ke8 29. Qg4 Kf7 30. Qf4+ Ke8 31. Qg4 1/2-1/2

[Event "Gibraltar Chess Festival 2017 - Masters"]
[Site "Gibraltar ENG"]
[Date "2017.01.29"]
[Round "6.33"]
[White "Antipov, Mikhail Al"]
[Black "Sundararajan, Kidambi"]
[Result "1/2-1/2"]
[WhiteElo "2580"]
[BlackElo "2420"]
[PlyCount "162"]
[EventDate "2017.01.24"]
[EventType "swiss"]
[EventRounds "10"]
[EventCountry "ENG"]
[SourceTitle "Ajedrez en Madrid"]
[Source "lmi"]
[SourceDate "2017.01.24"]

1. e4 e5 2. Nf3 Nc6 3. Bc4 Bc5 4. c3 Nf6 5. d3 O-O 6. O-O d6 7. a4 a5 8. Na3
Ne7 9. Nc2 Ng6 10. Re1 c6 11. h3 h6 12. d4 Bb6 13. Bf1 Re8 14. dxe5 dxe5 15.
Nd2 Be6 16. Qf3 Bc5 17. b4 Bf8 18. Rd1 Qc7 19. Bb2 Red8 20. Qe3 Be7 21. b5 cxb5
22. Bxb5 Bc5 23. Qf3 Nh7 24. Qe2 Ng5 25. Qf1 Rxd2 26. Rxd2 Nxe4 27. Rad1 Nxd2
28. Rxd2 Nf4 29. Qe1 Rd8 30. Bc1 Rxd2 31. Bxd2 Qd6 32. Bxf4 exf4 33. Nd4 Bxd4
34. cxd4 Qxd4 35. Qxa5 Bd5 36. Be2 Bc6 37. Bf3 b6 38. Qa6 Qa1+ 39. Kh2 Bxf3 40.
gxf3 g6 41. Qxb6 Qxa4 42. Qb8+ Kh7 43. Qe5 Qc2 44. Kg2 g5 45. Qd5 Qg6 46. Qd7
Kg7 47. Qd4+ Qf6 48. Qd5 Kg6 49. Qd3+ Qf5 50. Qa6+ Qe6 51. Qd3+ Kh5 52. Kh2 Kh4
53. Qf1 Qc6 54. Qd1 Qc8 55. Qf1 Qd7 56. Qg2 Qe6 57. Qf1 Qd5 58. Qg2 f5 59. Qh1
Kh5 60. Kg2 Kh4 61. Qc1 Qd6 62. Qc8 Qe5 63. Qd7 Qf6 64. Kh2 Kh5 65. Qe8+ Qg6
66. Qe5 Qf7 67. Qd6 Qg6 68. Qe5 Qc6 69. Kg2 Kg6 70. Qb8 Qe6 71. Qc7 Kf6 72.
Qc3+ Kf7 73. Qc7+ Kg6 74. Qb8 Qd7 75. Qe5 Kf7 76. Qb8 Qe7 77. Qb3+ Qe6 78. Qb7+
Kg6 79. Qc7 Kh5 80. Qb8 Kh4 81. Qc7 Kh5 1/2-1/2

[Event "Gibraltar Chess Festival 2017 - Masters"]
[Site "Gibraltar ENG"]
[Date "2017.01.29"]
[Round "6.34"]
[White "Gopal, G.N."]
[Black "Kuipers, Stefan"]
[Result "1-0"]
[WhiteElo "2579"]
[BlackElo "2414"]
[PlyCount "71"]
[EventDate "2017.01.24"]
[EventType "swiss"]
[EventRounds "10"]
[EventCountry "ENG"]
[SourceTitle "Ajedrez en Madrid"]
[Source "lmi"]
[SourceDate "2017.01.24"]

1. e4 c5 2. Nf3 Nc6 3. Bb5 g6 4. Bxc6 bxc6 5. O-O Bg7 6. Re1 Nh6 7. c3 O-O 8.
h3 f5 9. e5 Nf7 10. d3 Ba6 11. c4 d6 12. e6 Ne5 13. Nc3 Bc8 14. Bf4 Nxf3+ 15.
Qxf3 Rb8 16. Re2 Rxb2 17. Rxb2 Bxc3 18. Qe2 Rf6 19. Rab1 Rxe6 20. Qc2 Bxb2 21.
Qxb2 g5 22. Bxg5 Rg6 23. f4 Kf7 24. Qe2 Qc7 25. Re1 e5 26. Bh4 Ke6 27. Qf2 Qg7
28. Kh2 Kd7 29. fxe5 dxe5 30. Qxf5+ Kc7 31. Qf2 Kd6 32. Bg3 Rg5 33. d4 cxd4 34.
Qxd4+ Ke6 35. Qe4 Bd7 36. Bf4 1-0

[Event "Gibraltar Chess Festival 2017 - Masters"]
[Site "Gibraltar ENG"]
[Date "2017.01.29"]
[Round "6.35"]
[White "Deac, Bogdan-Daniel"]
[Black "Soumya, Swaminathan"]
[Result "1-0"]
[WhiteElo "2572"]
[BlackElo "2375"]
[PlyCount "65"]
[EventDate "2017.01.24"]
[EventType "swiss"]
[EventRounds "10"]
[EventCountry "ENG"]
[SourceTitle "Ajedrez en Madrid"]
[Source "lmi"]
[SourceDate "2017.01.24"]

1. Nf3 c5 2. c4 Nc6 3. d4 cxd4 4. Nxd4 Nf6 5. Nc3 e6 6. g3 Qb6 7. Ndb5 Ne5 8.
Bg2 Nxc4 9. Qa4 Qc5 10. b3 Nb6 11. Qf4 e5 12. Qe3 Qxe3 13. Bxe3 Bb4 14. O-O-O
O-O 15. Nc7 Bxc3 16. Bxb6 axb6 17. Nxa8 Bd4 18. Rxd4 exd4 19. Nxb6 d5 20. Rd1
Bg4 21. Rxd4 Bxe2 22. Nxd5 Nxd5 23. Bxd5 Ba6 24. Bf3 Rc8+ 25. Kd2 Kf8 26. a4
Ke7 27. b4 b5 28. Be2 Ra8 29. axb5 Bb7 30. Bg4 Rd8 31. Ke3 Rxd4 32. Kxd4 Kd6
33. Bf5 1-0

[Event "Gibraltar Chess Festival 2017 - Masters"]
[Site "Gibraltar ENG"]
[Date "2017.01.29"]
[Round "6.36"]
[White "Docx, Stefan"]
[Black "Kaidanov, Gregory S"]
[Result "1-0"]
[WhiteElo "2405"]
[BlackElo "2572"]
[PlyCount "143"]
[EventDate "2017.01.24"]
[EventType "swiss"]
[EventRounds "10"]
[EventCountry "ENG"]
[SourceTitle "Ajedrez en Madrid"]
[Source "lmi"]
[SourceDate "2017.01.24"]

1. c4 e6 2. Nc3 d5 3. d4 c6 4. e4 dxe4 5. Nxe4 Bb4+ 6. Bd2 Bxd2+ 7. Qxd2 Nf6 8.
Nxf6+ Qxf6 9. Nf3 O-O 10. Bd3 Rd8 11. O-O Nd7 12. Qe3 Qe7 13. Rad1 b6 14. Ne5
Bb7 15. Be4 Rac8 16. f4 g6 17. Qf3 f5 18. Bc2 Nf6 19. Qe3 c5 20. dxc5 bxc5 21.
h3 Ba8 22. Rxd8+ Rxd8 23. Rd1 Rxd1+ 24. Bxd1 Be4 25. Qd2 Qc7 26. Ba4 Kf8 27. b4
Ke7 28. bxc5 Qxc5+ 29. Kh2 Ba8 30. Qb2 Qd6 31. c5 Qxc5 32. Nd7 Nxd7 33. Qg7+
Ke8 34. Qxd7+ Kf8 35. Qd8+ Kg7 36. Qxa8 Qd4 37. Qb7+ Kh6 38. Qb3 Qxf4+ 39. Kg1
e5 40. Bb5 Qd4+ 41. Kh1 e4 42. a4 Qd2 43. Qc4 Qe1+ 44. Qf1 Qd2 45. Qe2 Qd4 46.
Qe1 Kg7 47. Qg1 e3 48. Qf1 a6 49. Bc4 h5 50. Bb3 h4 51. Qd1 Qe4 52. Bd5 Qb4 53.
Bf3 a5 54. Qa1+ Kh7 55. Be2 Qf4 56. Bb5 Qf2 57. Qe5 f4 58. Qg5 Kg7 59. Bd3 Qe1+
60. Kh2 Qg3+ 61. Qxg3 hxg3+ 62. Kg1 g5 63. Kf1 Kf6 64. Ke2 Ke5 65. Kf3 Kd4 66.
Bb5 Kc3 67. h4 gxh4 68. Kxf4 h3 69. Kxg3 hxg2 70. Kxg2 Kc2 71. Kf3 Kd2 72. Ba6
1-0

[Event "Gibraltar Chess Festival 2017 - Masters"]
[Site "Gibraltar ENG"]
[Date "2017.01.29"]
[Round "6.37"]
[White "Wemmers, Xander"]
[Black "Vazquez Igarza, Renier"]
[Result "1/2-1/2"]
[WhiteElo "2424"]
[BlackElo "2572"]
[PlyCount "79"]
[EventDate "2017.01.24"]
[EventType "swiss"]
[EventRounds "10"]
[EventCountry "ENG"]
[SourceTitle "Ajedrez en Madrid"]
[Source "lmi"]
[SourceDate "2017.01.24"]

1. d4 Nf6 2. c4 e6 3. Nc3 Bb4 4. e3 O-O 5. Bd3 d5 6. Nf3 c5 7. O-O Nc6 8. a3
Bxc3 9. bxc3 Qc7 10. Bb2 dxc4 11. Bxc4 e5 12. h3 Bf5 13. Bb5 e4 14. Nd2 Rad8
15. Qe2 h6 16. Rfc1 Qc8 17. Bxc6 bxc6 18. c4 Rfe8 19. dxc5 Nh7 20. f4 Bxh3 21.
gxh3 Qxh3 22. Nf1 Re6 23. Nh2 Rd3 24. Rc3 Rg6+ 25. Kh1 Nf6 26. Rg1 Nh5 27. Rxg6
fxg6 28. Qe1 Ng3+ 29. Kg1 Kh7 30. a4 a5 31. Ra3 h5 32. Bc1 h4 33. Ra2 Rd8 34.
Rb2 Rd3 35. Rg2 Rd7 36. Rd2 Rd3 37. Rg2 Qe6 38. Rc2 Qd7 39. Rd2 Qh3 40. Rg2
1/2-1/2